Statistics for Countries - Tourism Slogans

Click here to take the quiz!

General Stats

  • This quiz has been taken 125 times
  • The average score is 8 of 20

Answer Stats

SloganCountry% Correct
All within your reachUnited States
69%
Home of amazing momentsUnited Kingdom
68%
The Pyrenean CountryAndorra
66%
Keep exploringCanada
52%
All Time ClassicGreece
51%
Heart of the Mayan WorldGuatemala
47%
Be our guestTurkey
44%
Land of CreationIsrael
42%
Beats to your rhythmArgentina
41%
Happiest place on Earth!Denmark
41%
Powered by natureNorway
41%
Where it all beginsEgypt
40%
Inspiring new waysSouth Africa
38%
A genuine island, a world apartMadagascar
29%
The original coolNetherlands
29%
It’s all about UUkraine
28%
Mother Nature’s Best-Kept SecretBelize
14%
Oasis on the Great Silk RoadKyrgyzstan
14%
Hospitality Beyond BordersBelarus
11%
A world of wondersZimbabwe
5%

Score Distribution

Percentile by Number Answered

Percent of People with Each Score

Your Score History

You have not taken this quiz